Dictionar roman-spaniol

Gorde:
Xehetasun bibliografikoak
Egile nagusia: Calciu, Alexandru et al
Formatua: Liburua
Hizkuntza:Undetermined
Argitaratua: Bucarest, Rumania Editura stiintifica si enciclopedica 1979
Gaiak:
Etiketak: Etiketa erantsi
Etiketarik gabe, Izan zaitez lehena erregistro honi etiketa jartzen!

MARC

LEADER 00000nam a2200000Ia 4500
008 170316s9999 xx 000 0 und d
040 |a cru BVZT 
090 |a REF 
100 |a Calciu, Alexandru et al 
245 |a Dictionar roman-spaniol 
260 |a Bucarest, Rumania 
260 |b Editura stiintifica si enciclopedica 
260 |c 1979 
300 |a 1142 páginas 
650 |a REFERENCIA 
650 |a DICCIONARIO 
650 |a ROMANO-ESPAÑOL 
942 |c REF 
999 |c 14770  |d 14770